| 000 | 01323nam a2200265Ia 4500 | ||
|---|---|---|---|
| 999 |
_c50703 _d50703 |
||
| 001 | 17654 | ||
| 003 | GE_BSU | ||
| 005 | 20200220170546.0 | ||
| 008 | 181216s2013 xx |||||||||||||| ||geo|| | ||
| 020 | _a978-9941-17-905-1 | ||
| 040 | _cGE_BSU | ||
| 041 | _ageo | ||
| 080 | _a342.529 გ-74 | ||
| 100 |
_aგოცირიძე, ევა. _9203 |
||
| 245 |
_aიმპიჩმენტი ამერიკის შეერთებულ შტატებში (კონსტიტუციური დილემები) = Impeachment in the United States of America (constitutional dilemmas) / _cევა გოცირიძე ; რედ. ლევან ალექსიძე. |
||
| 264 |
_aთბილისი : _bუნივერსალი, _c2013. |
||
| 300 |
_a307 გვ ; _bილ : _c24 სმ. |
||
| 504 | _aბიბლიოგრ.: გვ. 272-305 | ||
| 546 | _aწინასიტყვ. ინგლ.. - ტექსტი ქართ. | ||
| 653 | _aიმპიჩმენტი ამერიკის შეერთებულ შტატებში | ||
| 653 | _aიმპიჩმენტი | ||
| 653 | _aსამართალი | ||
| 700 |
_a ალექსიძე, ლევან _eრედაქტორი _97295 |
||
| 942 |
_cBK _2udc |
||